000 00519nam a2200193Ia 4500
999 _c15096
_d15096
003 OSt
005 20201113120808.0
008 190216s9999||||xx |||||||||||||| ||und||
020 _a812071816
040 _coclc
082 _a428
_bVAS/B
100 _aVas, Gratian
_96575
245 0 _aBrain Teasers In English /
_cGratian Vas
250 _a3rd Ed.
260 _bSterling Paperbacks,
_c2003.
_aNew Delhi:
300 _a159p
650 _aEnglish
942 _cBK
_2ddc
_h428
_iVAS/B
_k428
_mVAS/B